Trendy v oblasti obalů z papírů a lepenek

Stále väčšie uplatnenie obalov z papiera a lepenky. Flexibilné balenie. Trendy v odbore skladačiek. Obaly z vlnitých lepeniek. Ľahko recyklovateľný odpad. Recyklácia obalov.

Salvato in:
Dettagli Bibliografici
Autore principale: Lešikar, Miloš
Natura: Capitolo di libro
Lingua:ceco
Soggetti:
Tags: Aggiungi Tag
Nessun Tag, puoi essere il primo ad aggiungerne!!

MARC

LEADER 00000naa a2200000 4500
001 0212075
005 20221104111721.4
041 0 |a cze 
044 |a CZ 
245 1 0 |a Trendy v oblasti obalů z papírů a lepenek  |c Miloš Lešikar 
520 |a Stále väčšie uplatnenie obalov z papiera a lepenky. Flexibilné balenie. Trendy v odbore skladačiek. Obaly z vlnitých lepeniek. Ľahko recyklovateľný odpad. Recyklácia obalov. 
610 2 0 |a obaly 
610 2 0 |a balenie 
610 2 0 |a papier 
610 2 0 |a recyklácia odpadu 
100 1 |a Lešikar, Miloš